| 000 | 00532nam a2200181Ia 4500 | ||
|---|---|---|---|
| 999 |
_c6447 _d6447 |
||
| 003 | OSt | ||
| 005 | 20200116105644.0 | ||
| 008 | 190216s9999||||xx |||||||||||||| ||und|| | ||
| 020 | _a9788180540097 | ||
| 040 | _coclc | ||
| 082 |
_a658.1511 _bMAH/E |
||
| 100 |
_aMaheshwari, S N _91048 |
||
| 245 | 0 |
_aElements Of Management Accounting / _cS N Maheshwari |
|
| 260 |
_bSulthan Chand And Sons, _c2002. _aNew Delhi: |
||
| 300 | _a270p | ||
| 650 | _aManagement | ||
| 942 |
_cBK _2ddc _h658.1511 _iMAH/E _k658.1511 _mMAH/E |
||